01372nam a2200337 a 4500001001200000003000800012006001900020007001500039008004100054010001700095020003500112020003800147040002100185035002100206050002600227082001600253100003000269245016900299260004900468300002600517504005100543533015200594650002400746650002800770650001600798655002900814700003100843710001700874856012600891999001701017ebr10667712CaPaEBRm u cr cn|||||||||111020s2012 flua sb 001 0 eng d z 2011043691 z1604270675 (hbk. : alk. paper) z9781604270679 (hbk. : alk. paper) aCaPaEBRcCaPaEBR a(OCoLC)84762338814aHD38.5b.D66 2012 eb04a658.7/22231 aDominick, Charles,d1972-14aThe procurement game planh[electronic resource] :bwinning strategies and techniques for supply management professionals /cby Charles Dominick, Soheila R. Lunney. aFort Lauderdale, FL :bJ. Ross Pub.,cc2012. axviii, 251 p. :bill. aIncludes bibliographical references and index. aElectronic reproduction.bPalo Alto, Calif. :cebrary,d2013.nAvailable via World Wide Web.nAccess may be limited to ebrary affiliated libraries. 0aBusiness logistics. 0aIndustrial procurement. 0aPurchasing. 7aElectronic books.2local1 aLunney, Soheila R.,d1952-2 aebrary, Inc.40uhttp://site.ebrary.com/lib/rucke/Doc?id=10667712zAn electronic book accessible through the World Wide Web; click to view c61406d61406